[Event "Montigny le Bretonneux Noel op 07th"]
[Site "Montigny le Bretonneux"]
[Date "2004.12.27"]
[Round "3"]
[White "Courtois, Bruno"]
[Black "Fayolle, Guy"]
[Result "1/2-1/2"]
[WhiteElo "1790"]
[BlackElo "1970"]
[PlyCount "69"]
[EventDate "2004.12.??"]
[EventType "swiss"]
[EventRounds "7"]
[EventCountry "FRA"]
[SourceTitle "EXT 2006"]
[Source "ChessBase"]
[SourceDate "2005.11.24"]
[SourceVersion "1"]
[SourceVersionDate "2005.11.24"]
[SourceQuality "1"]

1. e4 e5 2. Nc3 Nc6 3. Bc4 Bc5 4. d3 Na5 5. Nge2 Nxc4 6. dxc4 Ne7 7. Qd3 a5 8. Be3 Bxe3 9. Qxe3 d6 10. 0-0 f5 11. f4 exf4 12. Nxf4 0-0 13. Rad1 fxe4 14. Qxe4 Bf5 15. Qe2 Qd7 16. Qd2 Qc6 17. b3 Qc5+ 18. Kh1 Bg4 19. Rde1 Qg5 20. h3 Bd7 21. Rf2 Nf5 22. Qd5+ Kh8 23. Ne4 Ng3+ 24. Nxg3 Qxg3 25. Ref1 Bc6 26. Ng6+ hxg6 27. Rxf8+ Rxf8 28. Rxf8+ Kh7 29. Qd2 Qxh3+ 30. Kg1 Qh5 31. Qf4 Qd1+ 32. Qf1 Qxc2 33. g4 Qc3 34. Qf2 Qc1+ 35. Qf1 1/2-1/2

[Event "Montigny le Bretonneux Noel op 07th"]
[Site "Montigny le Bretonneux"]
[Date "2004.12.26"]
[Round "1"]
[White "Courtois, Bruno"]
[Black "Stroppa, Daniel"]
[Result "0-1"]
[WhiteElo "1790"]
[BlackElo "2219"]
[PlyCount "74"]
[EventDate "2004.12.??"]
[EventType "swiss"]
[EventRounds "7"]
[EventCountry "FRA"]
[SourceTitle "EXT 2006"]
[Source "ChessBase"]
[SourceDate "2005.11.24"]
[SourceVersion "1"]
[SourceVersionDate "2005.11.24"]
[SourceQuality "1"]

1. e4 Nc6 2. d4 e5 3. c3 Nf6 4. d5 Ne7 5. Bd3 Ng6 6. Ne2 Bc5 7. h3 a6 8. Bg5 h6 9. Bd2 0-0 10. c4 d6 11. Nbc3 Nh7 12. Ng3 Qh4 13. Qe2 Nf4 14. Qf1 Bd7 15. 0-0-0 Bxf2 16. Nf5 Bxf5 17. exf5 Qg3 18. Bxf4 Qxf4+ 19. Kb1 Nf6 20. Qe2 Qe3 21. Rhf1 Qxe2 22. Bxe2 Bd4 23. Bf3 Bxc3 24. bxc3 e4 25. Be2 Rfe8 26. g4 Re5 27. Rde1 Rae8 28. Rf4 Nd7 29. Kc1 Nc5 30. Kd2 Kf8 31. h4 b6 32. g5 hxg5 33. hxg5 e3+ 34. Kc2 Ne4 35. Rg1 Kg8 36. f6 Nxg5 37. fxg7 Nh3 0-1

[Event "Montigny le Bretonneux Noel op 06th"]
[Site "Montigny le Bretonneux"]
[Date "2003.12.28"]
[Round "3"]
[White "Courtois, Bruno"]
[Black "Richet, Clement"]
[Result "0-1"]
[WhiteElo "1730"]
[BlackElo "1510"]
[PlyCount "52"]
[EventDate "2003.12.26"]
[EventType "swiss"]
[EventRounds "6"]
[EventCountry "FRA"]
[SourceTitle "CBM 097 Extra"]
[Source "ChessBase"]
[SourceDate "2004.01.13"]
[SourceVersion "1"]
[SourceVersionDate "2004.01.13"]
[SourceQuality "1"]

1. e4 c5 2. Nc3 Nc6 3. f4 e6 4. Nf3 d5 5. Bb5 Nge7 6. 0-0 g6 7. d3 Bg7 8. Rb1 0-0 9. Bxc6 Nxc6 10. Bd2 b6 11. a3 a5 12. e5 f6 13. Qe1 Ba6 14. Qg3 Qc7 15. Rfe1 fxe5 16. Nxe5 Nxe5 17. fxe5 Rf5 18. Rf1 Bxe5 19. Qh3 Raf8 20. Rxf5 Rxf5 21. Re1 Bf4 22. g4 Bxd2 23. Rxe6 Rf7 24. Nxd5 Qd7 25. Nf6+ Rxf6 26. Rxf6 Qd4+ 0-1

[Event "Montigny le Bretonneux Noel op 06th"]
[Site "Montigny le Bretonneux"]
[Date "2003.12.28"]
[Round "4"]
[White "Villaret, Valerie"]
[Black "Courtois, Bruno"]
[Result "1/2-1/2"]
[WhiteElo "1330"]
[BlackElo "1730"]
[PlyCount "57"]
[EventDate "2003.12.26"]
[EventType "swiss"]
[EventRounds "6"]
[EventCountry "FRA"]
[SourceTitle "CBM 097 Extra"]
[Source "ChessBase"]
[SourceDate "2004.01.13"]
[SourceVersion "1"]
[SourceVersionDate "2004.01.13"]
[SourceQuality "1"]

1. b3 d6 2. Bb2 Nd7 3. e3 Ngf6 4. Nf3 g6 5. d4 Bg7 6. Bd3 c5 7. c4 0-0 8. d5 e5 9. e4 a6 10. a4 Nh5 11. g3 Ndf6 12. 0-0 h6 13. Nbd2 Nh7 14. Be2 Bh3 15. Re1 Bg4 16. Nh4 Bxe2 17. Qxe2 Ng5 18. Ng2 Qd7 19. Kh1 Qh3 20. g4 Nf6 21. f3 h5 22. gxh5 Nxh5 23. Qf2 Nf4 24. Nxf4 exf4 25. Bxg7 Kxg7 26. Rg1 f6 27. Rg4 Rh8 28. Rag1 Rh5 29. Rxf4 1/2-1/2